| 000 | 01242cam a22003735a 4500 | ||
|---|---|---|---|
| 001 | 13390261 | ||
| 003 | OSt | ||
| 005 | 20140310184304.0 | ||
| 008 | 031031s2002 nyua b 000 1 eng | ||
| 010 | _a 2003273710 | ||
| 020 | _a0439351278 | ||
| 035 | _a(OCoLC)ocm52562627 | ||
| 040 |
_aWIM _cWIM _dDLC |
||
| 042 |
_alcac _alccopycat |
||
| 050 | 0 | 0 |
_aPZ 7 _b.G56777Gar 2002 |
| 100 | 1 |
_aGoldish, Meish. _923089 |
|
| 245 | 1 | 4 |
_aThe garden on green street / _cMeish Goldish |
| 260 |
_aNew York : _bScholastic, _c2002. |
||
| 300 |
_a16 p. : _bcol. ill. ; _c25 cm. |
||
| 520 | _aA neighborhood unites to create a community garden on an empty lot, then must fight to keep it when the owners of the lot want to build a parking lot. | ||
| 521 | _aG1 | ||
| 526 | _c200 | ||
| 650 | 0 |
_aCommunity gardens _vJuvenile fiction. _923090 |
|
| 650 | 0 |
_aSocial action _vJuvenile fiction. _923091 |
|
| 650 | 1 |
_aGardens _vFiction. _923092 |
|
| 650 | 1 |
_aNeighbors _vFiction. _923093 |
|
| 650 | 1 |
_aSocial action _vFiction. _923094 |
|
| 700 | 1 |
_aJarrett, Judy, _eill. _923095 |
|
| 906 |
_a7 _bcbc _ccopycat _d3 _encip _f20 _gy-gencatlg |
||
| 942 |
_2lcc _cBK-SCHOLAS |
||
| 999 |
_c33477 _d33477 |
||